• 首页
  • 本馆介绍
  • 公告通知
  • 最新文献
  • 馆藏检索
  • 电子资源
  • 读者导购
  • 参考咨询
  • 我的图书馆
  • 登录
  • 详细信息显示
  • 放入我的书架
  • 预约/预借图书
  • 作者相关作品
  • 分类相关作品
  • 丛书相关作品
  • 出版社相关作品

书目信息

  • 表格格式
  • 工作单格式
  • 卡片格式
题名:
电解质溶液理论导论
    
 
作者: 黄子卿 著
分册:  
出版信息: 北京   科学出版社  1983.08
页数: 261页
开本: 21cm
丛书名:
单 册:
中图分类: O646.17
科图分类:
主题词: 非水溶液--电解质
电子资源:
ISBN:
000 00651nam0 2200241 45
001 0183006565
005 20060801094318.92
010    @dCNY2.60@b精装
091    @a13034.2325
100    @a19950615d1983 em y0chiy0121 ea
101 0  @achi
102    @aCN@b110000
105    @ay z 000yy
200 10 @a电解质溶液理论导论@Adian jie zhi rong ye li lun dao lun@f黄子卿著@FHuang Zi Qing Zhu
205    @a修订版
210    @a北京@c科学出版社@d1983.08
215    @a261页@d21cm
606    @a非水溶液@x电解质
690    @aO646.17@v3
701  0 @a黄子卿@4著
801  2 @aCN@bNLC@c20060801
801  0 @aCN@b上海图书馆@c20040520
905    @dO646.17@e5=2
    
    电解质溶液理论导论/黄子卿著.-修订版.-北京:科学出版社,1983.08
    261页;21cm
    
    
    ISBN (精装):CNY2.60
    
●
相关链接 在E读中查询图书 在五车中查询图书 在当当中查询图书 在豆瓣中查询图书


正题名:电解质溶液理论导论     索取号:O646.17/5=2         预约/预借

序号 登录号 条形码 馆藏地/架位号 状态 备注
1 0091530   000343131   第二样本阅览室/ [索取号:O646.17/5=2] 在馆    
2 0433879   204338797   密集书库/ [索取号:O646.17/5=2] 在馆    
3 0434375   204343754   密集书库/ [索取号:O646.17/5=2] 在馆    
唐山师范学院图书馆 欢迎您!
大连网信软件有限公司© 版权所有